000 01086nam a2200301Ia 4500
001 u23130
003 SIRSI
005 20180219123754.0
007 he|amb|||bacu
008 011118s1977 ua a bb 000 0 eng d
039 9 _a200301131136
_bsaid
_y200203190956
_zload
040 _aEAL
090 _aThesis
_bS-4205
100 1 _aMostafa, Aziza Mohamed.
245 1 0 _aEffect of some host plants on the development of the mediterranean fruit-fly, Ceratitis capitata and the factors limitng infection
_h[microform] /
_cAziza Mohamed Mostafa.
260 _c1977.
300 _a174, 5 leaves :
_bill. ;
_c30 cm.
502 _aThesis (M.S.)-- Ain Shams University, 1977.
504 _aIncludes bibliographical references (leaves 170-174)
533 _aMicrofiche.
_bASUNET,
_cAin Shams University,
_e3 microfiches : negative.
546 _aSummary in Arabic.
596 _a1
650 0 _aMediterranean fruit-fly
_xControl.
650 0 _aCeratitis capitata.
650 0 _aInsect
_xHost plants.
650 0 _aHost plants.
942 _cMIC
_2lcc
999 _c3618
_d3618